| 000 | 00356nam a2200133Ia 4500 | ||
|---|---|---|---|
| 008 | 190216s9999||||xx |||||||||||||| ||und|| | ||
| 100 | _a"Mendham J, Denney. Rc, Barnes. Jd And Thomas M" | ||
| 245 | 0 | _aTextbook Of Quantitative Chemical Analysis | |
| 250 | _a6th Ed. | ||
| 260 |
_bNull _c2002 |
||
| 300 | _a806 | ||
| 650 | _aChemistry-Chemistry | ||
| 942 | _cBK | ||
| 999 |
_c2968 _d2968 |
||